|
|
|
|
| LEADER |
00000nam0a2200000 4500 |
| 001 |
315058 |
| 005 |
20231102002735.0 |
| 010 |
|
|
|a 9785991675369
|
| 035 |
|
|
|a (RuTPU)RU\TPU\book\340491
|
| 090 |
|
|
|a 315058
|
| 100 |
|
|
|a 20160225d2016 m y0rusy50 ca
|
| 101 |
0 |
|
|a rus
|
| 102 |
|
|
|a RU
|
| 105 |
|
|
|a a j 001zy
|
| 200 |
1 |
|
|a Физика. Оптика. Элементы атомной и ядерной физики. Элементарные частицы
|e учебное пособие для вузов
|f С. И. Кузнецов
|g Национальный исследовательский Томский политехнический университет (ТПУ)
|
| 210 |
|
|
|a Москва
|c Юрайт
|d 2016
|
| 215 |
|
|
|a 301 с.
|c ил.
|
| 225 |
1 |
|
|a Университеты России
|
| 320 |
|
|
|a Библиогр.: с. 266.
|
| 320 |
|
|
|a Глоссарий: с. 267-272.
|
| 330 |
|
|
|a Серия «Университеты России» позволит высшим учебным заведениям нашей страны использовать в образовательном процессе учебники и учебные пособия по различным дисциплинам, подготовленные преподавателями лучших университетов России и впервые опубликованные в издательствах университетов. Все представленные в этой серии учебники прошли экспертную оценку учебно-методического отдела издательства и публикуются в оригинальной редакции.В пособии рассматриваются законы геометрической и волновой оптики, обсуждаются квантовые свойства излучения, основы квантовой оптики, элементы квантовой механики, атомной и ядерной физики и физики элементарных частиц. Учитываются наиболее важные достижения в современной науке и технике, уделяется большое внимание физике различных природных явлений. Цель книги — помочь освоить материал программы, научить активно применять теоретические основы физики как рабочий аппарат, позволяющий решать конкретные задачи, связанные с повышением ресурсо-эффективности. В пособии приведено большое количество рисунков, схем, графиков и гистограмм, способствующих лучшему восприятию прочитанного материала.Пособие разработано в соответствии с действующей программой курса общей физики и предназначено для студентов, обучающихся по направлениям и специальностям технических наук, техники и технологии.
|
| 606 |
1 |
|
|a Физика
|2 stltpush
|3 (RuTPU)RU\TPU\subj\63709
|9 80688
|
| 610 |
1 |
|
|a оптика
|
| 610 |
1 |
|
|a атомная физика
|
| 610 |
1 |
|
|a ядерная физика
|
| 610 |
1 |
|
|a элементарные частицы
|
| 610 |
1 |
|
|a физические величины
|
| 610 |
1 |
|
|a основные формулы
|
| 610 |
1 |
|
|a геометрическая оптика
|
| 610 |
1 |
|
|a волновая оптика
|
| 610 |
1 |
|
|a свет
|
| 610 |
1 |
|
|a интерференция
|
| 610 |
1 |
|
|a дифракция
|
| 610 |
1 |
|
|a дисперсия
|
| 610 |
1 |
|
|a взаимодействия
|
| 610 |
1 |
|
|a поляризация
|
| 610 |
1 |
|
|a кристаллооптика
|
| 610 |
1 |
|
|a квантовая механика
|
| 610 |
1 |
|
|a квантовое излучение
|
| 610 |
1 |
|
|a квантовые явления
|
| 610 |
1 |
|
|a люминесценция
|
| 610 |
1 |
|
|a тепловое излучение
|
| 610 |
1 |
|
|a фотоэффекты
|
| 610 |
1 |
|
|a корпускулярно-волновой дуализм
|
| 610 |
1 |
|
|a микрочастицы
|
| 610 |
1 |
|
|a квантово-механическая интерпретация
|
| 610 |
1 |
|
|a волны де Бройля
|
| 610 |
1 |
|
|a потенциальные ямы
|
| 610 |
1 |
|
|a атом Бора
|
| 610 |
1 |
|
|a водородоподобные системы
|
| 610 |
1 |
|
|a атомные спектры
|
| 610 |
1 |
|
|a атомы
|
| 610 |
1 |
|
|a многоэлектронные атомы
|
| 610 |
1 |
|
|a строение
|
| 610 |
1 |
|
|a атомные ядра
|
| 610 |
1 |
|
|a радиоактивность
|
| 610 |
1 |
|
|a учебные пособия
|
| 610 |
1 |
|
|a труды учёных ТПУ
|
| 675 |
|
|
|a 53(075.8)
|v 4
|
| 700 |
|
1 |
|a Кузнецов
|b С. И.
|c физик
|c доцент Томского политехнического университета, кандидат технических наук
|f 1952-
|g Сергей Иванович
|2 stltpush
|3 (RuTPU)RU\TPU\pers\27957
|
| 712 |
0 |
2 |
|a Национальный исследовательский Томский политехнический университет (ТПУ)
|c (2009- )
|2 stltpush
|3 (RuTPU)RU\TPU\col\15902
|
| 801 |
|
1 |
|a RU
|b 63413507
|c 20160225
|
| 801 |
|
2 |
|a RU
|b 63413507
|c 20160406
|g RCR
|
| 900 |
|
|
|a Физика
|
| 900 |
|
|
|a Оптика
|
| 900 |
|
|
|a Атомная физика
|
| 900 |
|
|
|a Ядерная физика
|
| 942 |
|
|
|c BK
|
| 951 |
|
|
|l 8
|
| 959 |
|
|
|a 24/20160224
|d 10
|e 539,00
|f ЧЗТЛ:1
|f УФ:9
|